[Event "Moscow (Women)"]
[Site "Moscow"]
[Date "1996.??.??"]
[Round "?"]
[White "Lymar, Irina"]
[Black "Melamed, Tatiana"]
[Result "1/2-1/2"]
[WhiteElo "2210"]
[BlackElo "2320"]

1.d4 Nf6 2.c4 g6 3.Nf3 Bg7 4.g3 O-O 5.Bg2 d6 6.O-O c6 7.Nc3 Qa5 8.h3 Be6
9.d5 cxd5 10.Nd4 Bd7 11.cxd5 Rc8 12.Be3 Na6 13.a3 Rc4 14.Qd3 Rac8 15.Nc6 bxc6
16.Qxc4 cxd5 17.Qa2 d4 18.Bxd4 e5 19.Be3 Be6 20.b4 Qd8 21.Nd5 Nc7 22.Nxf6+ Bxf6
23.Qd2 Nb5 24.a4 Nd4 25.Bxd4 exd4 26.Rac1 Rc3 27.e3 dxe3 28.fxe3 Ra3 29.Rxf6 Qxf6
30.Qxd6 Qb2 31.Qd8+ Kg7 32.Qd4+ Qxd4 33.exd4 Rxa4 34.d5 Bd7 35.Rc7 Bb5 36.d6 Rxb4
37.Bd5 Rd4 38.Bxf7  1/2-1/2

[Event "Moscow-2 (Women)"]
[Site "Moscow"]
[Date "1996.??.??"]
[Round "?"]
[White "Konopelchenkova, Tatjana"]
[Black "Lymar, Irina"]
[Result "0-1"]
[WhiteElo "2200"]
[BlackElo "2210"]

1.d4 Nf6 2.Nf3 g6 3.g3 Bg7 4.Bg2 O-O 5.c4 d6 6.O-O Nbd7 7.Qc2 e5 8.Rd1 Re8
9.e4 exd4 10.Nxd4 Qe7 11.Nc3 c6 12.Bf4 Ne5 13.b3 Nfd7 14.h3 Nc5 15.Be3 a5
16.f4 Ned7 17.Bf2 h5 18.Rac1 Bh6 19.Qd2 Nf6 20.Re1 h4 21.g4 Bxg4 22.hxg4 Nxg4
23.Rcd1 Qf6 24.Be3 Nxe3 25.Qxe3 Bxf4 26.Qf3 Qg5 27.Rf1 h3 28.Qxh3 Be3+ 29.Kh1 Kg7
30.Rxf7+ Kxf7 31.Qh7+ Kf6 32.Rf1+ Bf4 33.Nf3 Qh6+ 34.Qxh6 Bxh6 35.Bh3 Kg7
36.Nd4 Nxe4 37.Nxe4 Rxe4 38.Ne6+ Kg8 39.Rf6 Kh7 40.Rf7+ Kh8 41.Rxb7 Re8 42.Ra7 Bd2
43.Ra6 R8xe6 44.Bxe6 Rxe6 45.Rxc6 Bb4  0-1

[Event "Moscow (Women)"]
[Site "Moscow"]
[Date "1996.??.??"]
[Round "?"]
[White "Lymar, Irina"]
[Black "Kovalevskaya, Ekaterina"]
[Result "1-0"]
[WhiteElo "2210"]
[BlackElo "2335"]

1.d4 Nf6 2.c4 d6 3.Nf3 g6 4.g3 Bg7 5.Bg2 O-O 6.O-O Nbd7 7.Nc3 e5 8.h3 Re8
9.e4 exd4 10.Nxd4 Nc5 11.Re1 a5 12.Qc2 Bd7 13.Bf4 Qc8 14.Kh2 Nfxe4 15.Nxe4 Bxd4
16.Rad1 Bg7 17.Nxc5 dxc5 18.Rxe8+ Bxe8 19.Be3 Bf8 20.Qc3 c6 21.Qe5 Qe6 22.Qc7 Qe7
23.Qb6 a4 24.Bf4 Ra6 25.Qd8 f6 26.Qb8 g5 27.Bc7 Bf7 28.Rd8 Kg7 29.Bd6 Qxd8
30.Qxd8 Bxd6 31.Qxd6 Rb6 32.Qd2 Rb4 33.Bf3 Rxc4 34.Qd7 Kg6 35.Bh5+  1-0

[Event "Moscow IM4"]
[Site "Moscow"]
[Date "1996.??.??"]
[Round "?"]
[White "Zhidkov, Valery S"]
[Black "Ulko, Jaroslav"]
[Result "1/2-1/2"]
[WhiteElo "2385"]
[BlackElo "2375"]

1.d4 Nf6 2.Nf3 g6 3.c4 Bg7 4.g3 O-O 5.Bg2 d6 6.O-O Nbd7 7.Qc2 e5 8.Rd1 Re8
9.Nc3 c6 10.e4 exd4 11.Nxd4 Qe7 12.Bf4 Ne5 13.Qe2 a6 14.h3 h6 15.Be3 c5 16.Nc2 Be6
17.b3 Rad8 18.a4 Nfd7 19.Rac1 Nf6 20.f4 Nc6 21.Qf2 Nd7 22.Nd5 Bxd5 23.cxd5 Na5
24.Rb1 b6 25.Re1 Qf6 26.Bd2 c4 27.Bxa5 bxa5 28.bxc4 Qc3 29.Re3 Qxc4 30.Bf1 Qxa4
31.Bxa6 Rxe4 32.Rbe1 Rxe3 33.Rxe3 Nc5 34.Bf1 Qa2 35.Ra3 Qxd5 36.Rxa5 Qd1
37.Qe2 Qxe2 38.Bxe2 Rb8 39.Bc4 Rb2 40.Ra2 Rb1+ 41.Kg2 Rd1 42.Ne3 Rd4 43.Ra8+ Bf8
44.Ra7 Ne6 45.Kf3 Rd2 46.Bxe6 fxe6 47.Ng4 Bg7 48.Ra8+ Kh7 49.Ra7 g5 50.Re7 Rd3+
51.Ke4 Rxg3 52.fxg5 hxg5 53.Rxe6  1/2-1/2

[Event "Moscow GM2"]
[Site "Moscow"]
[Date "1996.??.??"]
[Round "?"]
[White "Guliev, Sarhan"]
[Black "Zaitsev, Igor A"]
[Result "1/2-1/2"]
[WhiteElo "2505"]
[BlackElo "2460"]

1.d4 Nf6 2.c4 g6 3.Nf3 Bg7 4.g3 O-O 5.Bg2 d6 6.O-O Nc6 7.Nc3 Bd7 8.e4 Bg4
9.Be3 Re8 10.h3 Bxf3 11.Qxf3 e5 12.d5 Nd4 13.Qd1 c6 14.f4 Qb6 15.fxe5 dxe5
16.Rf2 Qb4 17.Qd2 Qxc4 18.Raf1 Nh5 19.Rxf7 Rf8 20.Rxf8+ Rxf8 21.Rxf8+ Bxf8
22.Qf2 Bb4 23.Bf1 Qc5 24.dxc6 bxc6 25.Na4 Qe7 26.Bc4+ Kg7 27.Bxd4 exd4 28.Qxd4+ Kh6
29.Qe3+ Kg7 30.g4 Nf6 31.e5 Nd5 32.Bxd5 cxd5 33.Qd4 Qb7 34.a3 Be7 35.b4 Qa6
36.Nc3 Qxa3 37.Nxd5 Qg3+  1/2-1/2

[Event "Moscow GM5"]
[Site "Moscow"]
[Date "1996.??.??"]
[Round "?"]
[White "Edzgveradze, Natalia"]
[Black "Zaitsev, Igor A"]
[Result "1/2-1/2"]
[WhiteElo "2305"]
[BlackElo "2460"]

1.d4 Nf6 2.c4 d6 3.Nf3 g6 4.g3 Bg7 5.Bg2 O-O 6.O-O Nc6 7.Nc3 Bd7 8.d5 Na5
9.Nd2 Ng4 10.Qc2 c6 11.h3 Ne5 12.dxc6 Bxc6 13.b3 Bxg2 14.Kxg2 Rc8 15.Bb2 Nac6
16.Rad1 a6 17.Qb1 b5 18.cxb5 axb5 19.Nxb5 Qa5 20.a4 Qa8 21.Kh2 Nb4 22.Rc1 h5
23.Rxc8 Rxc8 24.Rc1 Rxc1 25.Bxc1 h4 26.g4 Bh6  1/2-1/2

[Event "Moscow GM5"]
[Site "Moscow"]
[Date "1996.??.??"]
[Round "?"]
[White "Edzgveradze, Natalia"]
[Black "Piankov, Evgenij"]
[Result "1/2-1/2"]
[WhiteElo "2305"]
[BlackElo "2410"]

1.d4 Nf6 2.c4 g6 3.g3 Bg7 4.Nf3 O-O 5.Bg2 d6 6.O-O a6 7.Nc3 Nc6 8.d5 Na7
9.Qc2 b5 10.cxb5 axb5 11.Nd4 Rb8 12.a3 e5 13.Nb3 Bd7 14.Na2 c5 15.dxc6 Rc8
16.Nb4 d5 17.Nxd5 Nxc6 18.Nxf6+ Qxf6 19.Qd3 Rfd8 20.Qf3 Bf5 21.g4 e4 22.Qg3 Be6
23.Bxe4 Bc4 24.Re1 Qe6 25.Bxc6 Qxc6 26.Na5 Qe6 27.Nxc4 Rxc4 28.h3 Rc2 29.Qg2 Qc4
30.Qf3 Rd5 31.a4 h5 32.axb5 Rxb5 33.Ra8+ Kh7 34.Be3 Bxb2 35.Ra7 Kg7 36.Qf4 Qxf4
37.Bxf4 Bd4 38.Rc7 Rxc7 39.Bxc7 hxg4 40.hxg4 Rg5 41.Kg2 Rxg4+ 42.Kf3 Rg5
43.Bg3 Rf5+ 44.Kg2 g5 45.Rd1 Bf6 46.Rd6 Ra5 47.Rc6 Bd4 48.Rd6 Ba1 49.Rc6 f6
50.Rb6 Kg6 51.Rb4 Kh5 52.Rc4 Rb5 53.Ra4 Bb2 54.Rc4 Ba3 55.Bh2 Rb2 56.e3 Kg6
57.Rc6 Rb5 58.Bd6 Bb2 59.Rc4 Rb6 60.Rb4 Rxd6 61.Rxb2 Rc6 62.Kg3 Kh5 63.Ra2 Rc1
64.Ra6 f5 65.Rf6 Rc5 66.Rd6 Rc3 67.Kf3 f4 68.Re6 Ra3 69.Re5 Kg6 70.Kg4 fxe3
71.fxe3 Ra4+ 72.e4 Kf6 73.Rf5+ Ke6 74.Kxg5 Rxe4  1/2-1/2

[Event "Moscow GM2"]
[Site "Moscow"]
[Date "1996.??.??"]
[Round "?"]
[White "Rustemov, Alexander"]
[Black "Guliev, Logman"]
[Result "1-0"]
[WhiteElo "2495"]
[BlackElo "2350"]

1.d4 Nf6 2.Nf3 g6 3.c4 Bg7 4.g3 O-O 5.Bg2 d6 6.Nc3 Nbd7 7.d5 a5 8.h3 Nc5
9.Be3 Nce4 10.Nxe4 Nxe4 11.Bd4 Nf6 12.Rc1 c5 13.Bc3 a4 14.O-O Bd7 15.Re1 b5
16.cxb5 Qc8 17.Kh2 Ne4 18.Bxg7 Kxg7 19.Qd3 Nxf2 20.Qe3 Nxh3 21.Rc4 g5 22.Bxh3 Bxh3
23.g4 f6 24.Kxh3 Rf7 25.Nd4 Qb7 26.Nf5+ Kf8 27.Re4 h5 28.Qd3 Ra5 29.gxh5 Rxb5
30.Rxa4 Rh7 31.Ng3 Rh6 32.b3 c4 33.bxc4 Rb2 34.Kg2 Kf7 35.Qf5 Rb6 36.Qe6+ Kf8
37.Nf5 Rxh5  1-0

[Event "Moscow-C"]
[Site "Moscow"]
[Date "1996.??.??"]
[Round "?"]
[White "Zhidkov, Valery S"]
[Black "Panus, Victor"]
[Result "1/2-1/2"]
[WhiteElo "2385"]
[BlackElo "2165"]

1.d4 Nf6 2.c4 g6 3.g3 Bg7 4.Bg2 O-O 5.Nf3 d6 6.O-O Nbd7 7.Nc3 e5 8.e4 c6
9.h3 a6 10.Qc2 b6 11.Be3 Qe7 12.Rad1 Bb7 13.Rfe1 Rfe8 14.a3 Rad8 15.b4 Qf8  1/2-1/2

[Event "Moscow-ch"]
[Site "Moscow"]
[Date "1996.??.??"]
[Round "1"]
[White "Granovski, Aleksandar"]
[Black "Vorobiov, Evgeny E"]
[Result "0-1"]
[WhiteElo "2250"]
[BlackElo "2440"]

1.d4 Nf6 2.c4 g6 3.Nf3 Bg7 4.g3 O-O 5.Bg2 d6 6.O-O Nbd7 7.Nc3 e5 8.e4 a6
9.b3 b5 10.dxe5 dxe5 11.cxb5 axb5 12.Qc2 Bb7 13.Re1 c6 14.Bb2 Qe7 15.a4 Rac8
16.Bh3 h5 17.Qe2 b4 18.Nb1 Rfd8 19.Nbd2 Ng4 20.Nc4 Ba6 21.Qc2 Qc5 22.Bf1 Nf8
23.Rac1 Ne6 24.h3 Nf6 25.Ncxe5  0-1

[Event "Moscow-ch"]
[Site "Moscow"]
[Date "1996.??.??"]
[Round "1"]
[White "Rustemov, Alexander"]
[Black "Kravets, Vladislav V"]
[Result "1-0"]
[WhiteElo "2535"]
[BlackElo "2310"]

1.d4 Nf6 2.Nf3 g6 3.g3 Bg7 4.Bg2 O-O 5.c4 d6 6.Nc3 Nbd7 7.d5 a5 8.O-O Nc5
9.Be3 Bd7 10.Rc1 Qc8 11.Re1 Bh3 12.Bxc5 Bxg2 13.Kxg2 dxc5 14.e4 e6 15.e5 Nd7
16.dxe6 fxe6 17.Rc2 Qe8 18.Re4 Rd8 19.Rd2 Qe7 20.h4 Nb8 21.Rxd8 Rxd8 22.Qb3 b6
23.Qb5 Bh6 24.h5 Qf7 25.hxg6 hxg6 26.Nh2 Bg5 27.Rg4 Qf5 28.Ne4 Be7 29.Rf4 Qxe5
30.Ng4  1-0

[Event "Moscow-ch"]
[Site "Moscow"]
[Date "1996.??.??"]
[Round "1"]
[White "Tunik, Gennady"]
[Black "Hachatrian, Armen M"]
[Result "1-0"]
[WhiteElo "2440"]
[BlackElo "2250"]

1.d4 Nf6 2.c4 g6 3.g3 Bg7 4.Bg2 d6 5.Nf3 O-O 6.Nc3 c6 7.O-O Nbd7 8.h3 Qc7
9.e4 e5 10.Be3 h6 11.Qd2 Kh7 12.Rad1 Re8 13.Rfe1 b6 14.Qc2 Bb7 15.Rd2 a6
16.Red1 Rac8 17.dxe5 dxe5 18.c5 b5 19.b4 a5 20.a3 Nf8 21.Rd6 Re6 22.Qd2 Ne8
23.Rd8 Re7 24.h4 axb4 25.axb4 Rxd8 26.Qxd8 Ne6 27.Qxc7 N8xc7 28.h5 Bc8 29.hxg6+ fxg6
30.Rd6 Bd7 31.Bh3 Be8 32.Ne2 Kg8 33.Nd2 Kf7 34.Nb3 Rd7 35.Rxd7+ Bxd7 36.Kg2 Ke7
37.Bd2 Be8 38.Nbc1 g5 39.Bf5 Bf7 40.Nd3 Nd4 41.Nxd4 exd4 42.f4 Bc4 43.Nf2 gxf4
44.gxf4 Ba2 45.Bg4 Bf7 46.Nh1 h5 47.Bf3 h4 48.Kh3 d3 49.Nf2 Bc4 50.e5 Bd5
51.Bg4 Bh6 52.Kxh4 Ne6 53.Kg3 Bc4 54.Bf5 Nd4 55.Be4 Nb3 56.Be3 d2 57.Bxc6 Be2
58.Bf3  1-0

[Event "RUS-Cup2"]
[Site "Moscow"]
[Date "1996.??.??"]
[Round "3"]
[White "Burmakin, Vladimir"]
[Black "Zaitsev, Igor A"]
[Result "1-0"]
[WhiteElo "2505"]
[BlackElo "2435"]

1.d4 Nf6 2.c4 g6 3.Nf3 d6 4.g3 Bg7 5.Bg2 O-O 6.O-O Bd7 7.Nc3 Nc6 8.e4 Bg4
9.Be3 Nd7 10.Ne2 e5 11.d5 Ne7 12.Ne1 Bxe2 13.Qxe2 f5 14.exf5 gxf5 15.Nd3 Ng6
16.f4 e4 17.Nf2 Nc5 18.Rad1 a5 19.b3 Qf6 20.Bd4 Qf7 21.Qe3 Bxd4 22.Rxd4 Qf6
23.Rd2 Rad8 24.Rfd1 Rd7 25.Bf1 Rg7 26.Be2 Nxf4 27.Qxf4 e3 28.Qxe3 f4 29.Qd4  1-0

[Event "RUS-Cup2"]
[Site "Moscow"]
[Date "1996.??.??"]
[Round "6"]
[White "Safaev, A."]
[Black "Evelev, Vladimir M"]
[Result "0-1"]
[WhiteElo "2215"]
[BlackElo "2340"]

1.d4 Nf6 2.Nf3 g6 3.c4 Bg7 4.g3 O-O 5.Bg2 d6 6.O-O Nc6 7.d5 Na5 8.Nfd2 c5
9.Nc3 Rb8 10.Qc2 a6 11.b3 b5 12.Bb2 e5 13.h3 Nh5 14.e4 f5 15.exf5 gxf5 16.Nd1 Bd7
17.Kh2 Rf7 18.Bc3 b4 19.Bb2 Nb7 20.Bf3 Qg5 21.Bxh5 Qxh5 22.f4 exf4 23.gxf4 Re8
24.Bxg7 Re2+ 25.Rf2 Rxg7 26.Qd3 Qg6  0-1

[Event "Moscow-ch"]
[Site "Moscow"]
[Date "1996.??.??"]
[Round "11"]
[White "Shuklin, Vadim V"]
[Black "Yanvarjov, Igor"]
[Result "1/2-1/2"]
[WhiteElo "2310"]
[BlackElo "2420"]

1.c4 g6 2.Nf3 Bg7 3.d4 Nf6 4.g3 O-O 5.Bg2 d6 6.O-O Nc6 7.Nc3 Bg4 8.h3 Bxf3
9.Bxf3 e5 10.Bxc6 bxc6 11.dxe5 dxe5 12.Qxd8 Rfxd8 13.Be3 Nd7 14.Rad1 Nb6
15.b3 f5 16.Bg5 Rxd1 17.Rxd1 e4 18.Nb1 Kf7 19.Bf4 Rc8 20.f3 exf3 21.exf3 c5
22.Na3 a6 23.Kf1 h6 24.h4 Kf6 25.Bxc7 Rxc7 26.Rd6+ Ke5 27.Rxb6 g5 28.hxg5 hxg5
29.Rxa6 Rd7 30.Ke2 f4 31.g4 Bf6 32.Nb1 Rh7 33.Nd2 Rh2+ 34.Kd3 Be7 35.a4 Rh1
36.Rc6 Ra1 37.Kc3 Rc1+ 38.Kb2 Rd1 39.Ne4 Rf1 40.Nxc5 Kd4 41.Ne6+ Kd3 42.Nc5+ Kd4
43.b4 Rf2+ 44.Kc1 Rxf3 45.Rc7 Bxc5 46.Rxc5 Rb3 47.Rxg5 Rxb4 48.Rf5 Rxc4+
49.Kb2 Ke3 50.Kb3 Re4 51.a5 f3 52.g5 f2 53.g6 Rg4 54.g7 Rxg7 55.Rxf2 Kxf2
56.Kc4 Ke3 57.a6 Ke4 58.Kc5  1/2-1/2

[Event "Muenster op"]
[Site "Muenster"]
[Date "1996.??.??"]
[Round "1"]
[White "Lerner, Konstantin Z"]
[Black "Balcerak, Jakob"]
[Result "0-1"]
[WhiteElo "2580"]
[BlackElo "2200"]

1.d4 Nf6 2.c4 g6 3.Nf3 Bg7 4.g3 O-O 5.Bg2 d6 6.Nc3 Nbd7 7.O-O e5 8.e4 exd4
9.Nxd4 Re8 10.h3 a6 11.Re1 Nc5 12.Bf4 Ne6 13.Be3 Rb8 14.a4 Bd7 15.a5 h6 16.Nxe6 Bxe6
17.Nd5 Bxd5 18.exd5 Nd7 19.Rb1 Qf6 20.Qb3 Qf5 21.Rbd1 Nc5 22.Qa3 Qc2 23.b4 Nb3
24.Rb1 Nd4 25.c5 Qf5 26.Qa4 Ne2+ 27.Kh2 Nc3 28.Qb3 Nxb1 29.Rxb1 h5 30.h4 Rxe3
31.fxe3 Be5 32.e4 Qg4 33.Qf3 Qxh4+ 34.Bh3 g5 35.Kg2 Qxh3+ 36.Kxh3 g4+ 37.Qxg4+ hxg4+
38.Kxg4 Re8 39.Kf3 Rc8 40.Rc1 c6 41.g4 Kg7 42.Ke3 Kf6 43.Kd3 Bf4 44.Rf1 Ke5
45.Rh1 cxd5 46.Rh5+ Ke6 47.exd5+ Ke7 48.Rf5 Be5 49.g5 Rh8 50.Rf1 Rh4 51.c6 Rd4+
52.Ke3 bxc6 53.dxc6 Rc4 54.Rb1 Rxc6 55.b5 axb5 56.Rxb5 Rc4 57.Kd3 Ra4 58.Rb7+ Ke6
59.Ra7 Bf4 60.a6 Bxg5 61.Ra8 Bf6 62.a7 Kd5  0-1

[Event "Muenster op"]
[Site "Muenster"]
[Date "1996.??.??"]
[Round "3"]
[White "Espig, Lutz"]
[Black "Balcerak, Jakob"]
[Result "1-0"]
[WhiteElo "2395"]
[BlackElo "2200"]

1.Nf3 Nf6 2.c4 g6 3.d4 Bg7 4.g3 O-O 5.Bg2 d6 6.O-O Nbd7 7.Qc2 e5 8.Rd1 Qe7
9.Nc3 c6 10.b3 Re8 11.e3 exd4 12.Nxd4 Nc5 13.Bb2 a5 14.Rab1 Bg4 15.Re1 Qd7
16.e4 Bh3 17.Bh1 Ng4 18.Rbd1 f5 19.Nde2 fxe4 20.Nf4 Nd3 21.Nxh3 Nxe1 22.Rxe1 Ne5
23.Ng5 Nd3 24.Rxe4 Nxb2 25.Qxb2 Qf5 26.Qe2 Rf8 27.Ne6 Bxc3 28.Nxf8 Rxf8 29.h4 d5
30.cxd5 cxd5 31.Rf4 Qd7 32.Rxf8+ Kxf8 33.Qf3+  1-0

[Event "JUG-chT"]
[Site "Niksic"]
[Date "1996.??.??"]
[Round "?"]
[White "Blagojevic, Dragisa"]
[Black "Vukic, Milan"]
[Result "1/2-1/2"]
[WhiteElo "2475"]
[BlackElo "2480"]

1.d4 Nf6 2.c4 g6 3.Nf3 Bg7 4.g3 O-O 5.Bg2 d6 6.Nc3 Nbd7 7.O-O e5 8.h3 Re8
9.e4 exd4 10.Nxd4 Nc5 11.Re1 a5 12.Rb1 a4 13.b4 axb3 14.axb3 h6 15.Kh2 Bd7
16.Bf4 Nh7 17.b4 Na4  1/2-1/2

[Event "JUG-chT"]
[Site "Niksic"]
[Date "1996.??.??"]
[Round "?"]
[White "Martinovic, Slobodan"]
[Black "Damljanovic, Branko"]
[Result "1-0"]
[WhiteElo "2500"]
[BlackElo "2470"]

1.d4 Nf6 2.c4 g6 3.Nf3 Bg7 4.g3 O-O 5.Bg2 d6 6.O-O Nbd7 7.Qc2 e5 8.Rd1 Re8
9.Nc3 c6 10.dxe5 dxe5 11.Ng5 Qe7 12.Nge4 Nxe4 13.Nxe4 Nc5 14.Nd6 Rd8 15.Nxc8 Rdxc8
16.Be3 Ne6 17.c5 Nd4 18.Qc4 Rd8 19.h4 Qe6 20.Qxe6 Nxe6 21.b4 f5 22.Rab1 Bf8
23.Bd2 a5 24.a3 axb4 25.axb4 e4 26.e3 Bg7 27.Bf1 Nc7 28.Bc4+ Kf8 29.Be1 Rxd1
30.Rxd1 Ke7 31.Kf1 Ra3 32.Bg8 Bc3 33.Bxc3 Rxc3 34.Bxh7 Nd5 35.h5 gxh5 36.Bxf5 Nxb4
37.Rd7+ Kf6 38.Bxe4 Rxc5 39.Rxb7 Nd5 40.Bxd5 cxd5 41.Rd7 Ra5 42.Ke2 Kg6 43.Kf3 Kf6
44.Kf4 Ra4+ 45.Kf3 Ra5 46.Rd6+ Kg5 47.Rd8 Rb5 48.Kg2 Kg6 49.f4 Rb3 50.Rd6+  1-0

[Event "JUG-chT"]
[Site "Niksic"]
[Date "1996.??.??"]
[Round "?"]
[White "Strikovic, Aleksa"]
[Black "Pavlovic, Milos"]
[Result "1-0"]
[WhiteElo "2550"]
[BlackElo "2505"]

1.Nf3 g6 2.d4 Nf6 3.c4 Bg7 4.g3 O-O 5.Bg2 d6 6.O-O Nc6 7.Nc3 a6 8.d5 Na5
9.Nd2 c5 10.Qc2 Rb8 11.b3 e5 12.dxe6 Bxe6 13.Bb2 b5 14.cxb5 axb5 15.Nde4 b4
16.Nxf6+ Qxf6 17.Nd1 Qe7 18.Bxg7 Kxg7 19.Ne3 Rfc8 20.Nd5 Bxd5 21.Bxd5 Qe5
22.Rad1 c4 23.bxc4 b3 24.axb3 Rxb3 25.Qa2 Rc5 26.Rb1 Rc3 27.Rb5 Rxb5 28.cxb5 Rc5
29.Qxa5 Rxd5 30.Rb1 h5 31.Qb4 h4 32.b6 h3 33.f3 Rd4 34.Qb2 Kh7 35.b7 Rd1+
36.Kf2 Qc5+ 37.e3 Rd3 38.Re1 Qd5 39.b8=Q Rd2+ 40.Re2  1-0

[Event "JUG-chT"]
[Site "Niksic"]
[Date "1996.??.??"]
[Round "?"]
[White "Horvath, Jozsef"]
[Black "Martinovic, Slobodan"]
[Result "1/2-1/2"]
[WhiteElo "2505"]
[BlackElo "2460"]

1.d4 Nf6 2.Nf3 g6 3.c4 Bg7 4.g3 O-O 5.Bg2 d6 6.Nc3 Nc6 7.O-O Bf5 8.d5 Na5
9.Nd4 Bd7 10.b3 c5 11.Nc2 a6 12.Rb1 Qc7 13.e4 e5 14.Qe2 Ng4 15.Bh3 Nf6 16.Bxd7 Nxd7
17.Bd2 b6 18.Ne1 Nb7 19.Nd3 Rae8 20.f3  1/2-1/2

[Event "JUG-chT"]
[Site "Niksic"]
[Date "1996.??.??"]
[Round "?"]
[White "Horvath, Jozsef"]
[Black "Damljanovic, Branko"]
[Result "1/2-1/2"]
[WhiteElo "2515"]
[BlackElo "2470"]

1.d4 Nf6 2.c4 g6 3.Nf3 Bg7 4.g3 O-O 5.Bg2 d6 6.Nc3 c6 7.O-O Qa5 8.e4 Bg4
9.h3 Bxf3 10.Bxf3 e5 11.d5 cxd5 12.cxd5 Nbd7 13.Be3 Rfc8 14.Rb1 a6 15.Qd2 Qd8
16.Rfc1 h5 17.Kg2 Nh7 18.h4  1/2-1/2

[Event "JUG-ch op"]
[Site "Nis"]
[Date "1996.??.??"]
[Round "5"]
[White "Drasko, Milan"]
[Black "Dimitrov, Vladimir"]
[Result "1/2-1/2"]
[WhiteElo "2505"]
[BlackElo "2495"]

1.d4 Nf6 2.c4 g6 3.Nf3 Bg7 4.g3 O-O 5.Bg2 d6 6.O-O Nbd7 7.Nc3 e5 8.e4 exd4
9.Nxd4 Re8 10.h3 Nc5 11.Re1 a5 12.Qc2 a4 13.Be3 c6 14.Rad1 Nfd7 15.f4 Qa5
16.Bf2 Nb6 17.Bf1 Qb4 18.Nb1 Bd7 19.Qc3 Qxc3 20.Nxc3 Bf8 21.Rb1 f5 22.exf5 gxf5
23.Rxe8 Rxe8 24.b4 axb3 25.axb3 Nc8 26.b4  1/2-1/2

[Event "Nova Gorica"]
[Site "Nova Gorica"]
[Date "1996.??.??"]
[Round "2"]
[White "Cvitan, Ognjen"]
[Black "Guid, Matej"]
[Result "0-1"]
[WhiteElo "2540"]
[BlackElo "2140"]

1.d4 Nf6 2.Nf3 g6 3.c4 Bg7 4.g3 O-O 5.Bg2 d6 6.O-O Nc6 7.d5 Na5 8.Nfd2 c5
9.Nc3 a6 10.Qc2 Rb8 11.b3 b5 12.Rb1 e5 13.e4 Bd7 14.Nd1 Ng4 15.h3 Nh6 16.Bb2 f5
17.exf5 Bxf5 18.Ne4 Qd7 19.Kh2 bxc4 20.bxc4 Rb4 21.Ne3 Qa4 22.Rbc1 Qxa2 23.Bc3 Qxc2
24.Rxc2 Bxe4 25.Bxb4 Bxc2 26.Bxa5 Bd3 27.Rd1 e4 28.Rd2 Nf5 29.Nd1 Bxc4 30.Bxe4 Nd4
31.Bc7 Nb5 32.Ba5 Re8 33.Bd3 Bxd3 34.Rxd3 Bd4 35.Bd2 Re2 36.Bh6 Bxf2 37.Nxf2 Rxf2+
38.Kg1 Re2 39.Rf3 Re8 40.g4 a5 41.Rb3 Rb8 42.Re3 a4 43.Re7 a3  0-1

[Event "JUG-chT (Women)"]
[Site "Novi Sad"]
[Date "1996.??.??"]
[Round "?"]
[White "Shumiakina, Tatiana"]
[Black "Miloradovic, Marija"]
[Result "1-0"]
[WhiteElo "2350"]
[BlackElo "2015"]

1.Nf3 Nf6 2.c4 d6 3.d4 g6 4.g3 Bg7 5.Bg2 O-O 6.O-O Nbd7 7.Nc3 e5 8.e4 Re8
9.h3 Qe7 10.Re1 Nb6 11.b3 Nh5 12.Be3 c6 13.a4 Nd7 14.Qc2 b6 15.a5 Rb8 16.d5 c5
17.Nb5 a6 18.Na7 Bb7 19.Nc6 Bxc6 20.dxc6 Nf8 21.b4 Qc7 22.b5 axb5 23.cxb5 bxa5
24.Reb1 Ne6 25.Bd2 Nd4 26.Nxd4 exd4 27.Bxa5 Qe7 28.Ra4 Qe5 29.b6 Nf6 30.b7  1-0

[Event "Novorossijsk op"]
[Site "Novorossijsk"]
[Date "1996.??.??"]
[Round "?"]
[White "Tregubov, Pavel V"]
[Black "Kuzmin, Gennadi P"]
[Result "1-0"]
[WhiteElo "2470"]
[BlackElo "2535"]

1.Nf3 Nf6 2.c4 g6 3.d4 Bg7 4.g3 O-O 5.Bg2 d6 6.O-O Nc6 7.Nc3 Bf5 8.Ne1 Qc8
9.e4 Bh3 10.Nc2 Re8 11.f3 Bxg2 12.Kxg2 a6 13.Be3 Rb8 14.Qd3 Qd7 15.Rfd1 e5
16.d5 Ne7 17.b4 Nh5 18.c5 f5 19.Bg1 Rf8 20.Rab1 Kh8 21.b5 fxe4 22.Nxe4 axb5
23.cxd6 cxd6 24.Qxb5 Qf5 25.Qe2 g5 26.Nxd6 Qd7 27.Ne4 Ng6 28.Kh1 g4 29.fxg4 Nf6
30.Nxf6 Rxf6 31.Ne3 b5 32.Nf5 Ra6 33.Bc5 Ra4 34.Bb4 Re8 35.a3 e4 36.Rb3 Ne5
37.Re3 Bf6 38.Rxe4 h5 39.Nd6 Rxb4 40.Nxe8 Rxe4 41.Qxe4 Qxe8 42.d6 hxg4 43.d7 Qd8
44.Rd5 Kg8 45.Qf5  1-0

[Event "Oberwart op"]
[Site "Oberwart"]
[Date "1996.??.??"]
[Round "3"]
[White "Ruck, Robert"]
[Black "Schwaninger, Ulrike"]
[Result "1-0"]
[WhiteElo "2465"]
[BlackElo "1820"]

1.c4 Nf6 2.g3 g6 3.Bg2 Bg7 4.d4 O-O 5.Nf3 d6 6.O-O Nc6 7.Nc3 e5 8.d5 Ne7
9.e4 Ne8 10.Ne1 f5 11.Nd3 Kh8 12.f4 fxe4 13.Nxe4 exf4 14.Nxf4 Nf5 15.Qd3 Bd4+
16.Kh1 Be5 17.g4 Nh4 18.Ne6 Rxf1+ 19.Qxf1 Bxe6 20.dxe6 Nf6 21.Bg5 Nxg2 22.Kxg2 Kg7
23.Qf3 h6 24.Bxf6+ Bxf6 25.Rf1 Be5 26.Qf7+ Kh8 27.e7  1-0

[Event "Oberwart op"]
[Site "Oberwart"]
[Date "1996.??.??"]
[Round "7"]
[White "Burmakin, Vladimir"]
[Black "Alvir, Aco"]
[Result "1-0"]
[WhiteElo "2505"]
[BlackElo "2355"]

1.d4 Nf6 2.c4 g6 3.Nf3 Bg7 4.g3 O-O 5.Bg2 d6 6.O-O c6 7.Nc3 Qa5 8.h3 Be6
9.Qd3 Qa6 10.b3 d5 11.Ne5 dxc4 12.Nxc4 Rd8 13.Bb2 Bxc4 14.bxc4 Nbd7 15.e3 Ne5
16.Qe2 Nxc4 17.Rfb1 Nxb2 18.Qxa6 bxa6 19.Rxb2 e5 20.dxe5 Nd5 21.Nxd5 Bxe5
22.Ne7+ Kf8 23.Nxc6 Bxb2 24.Nxd8 Rxd8 25.Rb1 Rd2 26.a4 Ke7 27.h4 h6 28.Bb7 a5
29.Kg2 Kd6 30.g4 g5 31.h5 f6 32.Kf3 Ke5 33.Be4 Kd6 34.Bg6 Kc5 35.Be8 a6 36.Ke4 Rxf2
37.Rd1 Kb4 38.Rd7 Bc1 39.Rh7 Re2 40.Bd7 Rxe3+ 41.Kf5 Rf3+ 42.Kg6 f5 43.Bxf5 Kxa4
44.Rb7 Ka3 45.Rb6 a4 46.Rxa6 Kb4 47.Kxh6 Rxf5 48.gxf5 g4+ 49.Kh7 Kb5 50.Ra8 g3
51.f6 Bf4 52.f7 Bd6 53.f8=Q Bxf8 54.Rxf8 a3 55.Rf1  1-0

[Event "Oberwart op"]
[Site "Oberwart"]
[Date "1996.??.??"]
[Round "7"]
[White "Ruck, Robert"]
[Black "Gradwohl, Johann"]
[Result "1-0"]
[WhiteElo "2465"]
[BlackElo "2160"]

1.c4 g6 2.g3 Bg7 3.d4 Nf6 4.Bg2 d6 5.Nf3 O-O 6.O-O Nc6 7.Nc3 Bf5 8.b3 Ne4
9.Bb2 a5 10.e3 Nxc3 11.Bxc3 Be4 12.Bh3 Bxf3 13.Qxf3 Qe8 14.Rad1 e5 15.Bg2 Ra7
16.Rd2 f5 17.Qd5+ Kh8 18.dxe5 Bxe5 19.Bxe5+ Qxe5 20.Rc1 Re8 21.c5 Qxd5 22.Bxd5 dxc5
23.Bxc6 bxc6 24.Rxc5 Re7 25.Rxc6 Kg7 26.Rd4 Kf8 27.Rc5 a4 28.Rxa4 Rxa4 29.bxa4 Re4
30.Rxc7 Rxa4 31.Rxh7 Rxa2 32.Kg2 Kg8 33.Rd7 Rb2 34.h3 Ra2 35.g4 fxg4 36.hxg4 Rb2
37.Kg3 Rb3 38.Kf4 Rb2 39.f3 Rb4+ 40.Kg5 Rb6 41.e4  1-0

[Event "RUS-Cup3"]
[Site "Omsk"]
[Date "1996.??.??"]
[Round "1"]
[White "Khasin, Alexander"]
[Black "Smirnov, Pavel"]
[Result "0-1"]
[WhiteElo "2530"]
[BlackElo "2330"]

1.c4 g6 2.d4 Bg7 3.Nf3 d6 4.g3 Nf6 5.Bg2 O-O 6.O-O Nbd7 7.Nc3 e5 8.e4 a6
9.dxe5 dxe5 10.Qc2 c6 11.b4 b5 12.Nd2 a5 13.bxa5 b4 14.Nd1 Nc5 15.Nb3 Nxb3
16.Qxb3 Qxa5 17.Bd2 c5 18.Ne3 Bh6 19.Rfd1 Rd8 20.Nd5 Bxd2 21.Rxd2 Nxd5 22.exd5 Qa3
23.Re1 Qxb3 24.axb3 Ra3 25.Rd3 Bf5 26.Be4 Bc8 27.Rde3 Kf8 28.h4 Ke7 29.Bc2 f6
30.f4 Kd6 31.fxe5+ fxe5 32.Rxe5 Rf8 33.h5 Ra2 34.hxg6 Rxc2 35.gxh7 Rc1 36.Rxc1 Kxe5
37.Rf1 Rh8 38.Rf7 Bf5 39.d6 Bxh7 40.d7 Bg6 41.Rg7 Kf6  0-1

[Event "RUS-Cup3"]
[Site "Omsk"]
[Date "1996.??.??"]
[Round "2"]
[White "Vaulin, Alexander"]
[Black "Loskutov, Oleg"]
[Result "1/2-1/2"]
[WhiteElo "2485"]
[BlackElo "2395"]

1.Nf3 Nf6 2.d4 g6 3.c4 Bg7 4.g3 O-O 5.Bg2 d6 6.O-O c5 7.d5 b5 8.cxb5 a6 9.Nc3 axb5
10.Nxb5 Na6 11.Nc3 Qb6 12.Nd2 Nc7 13.b3 Ba6 14.Bb2 Rfb8 15.Rb1 Qa5 16.Ba1 Bh6
17.Qc2 Rb4 18.Rfe1 Rab8 19.e3 Bg7 20.Red1 Nd7 21.Nf3 Ne5 22.Nxe5 Bxe5 23.Ne4 Bxa1
24.Rxa1 c4 25.Rac1 Nb5 26.Nd2 Na3 27.Qc3 Rc8 28.bxc4 Qa4 29.Bf1 Nb5 30.Qc2 Qxc2
31.Rxc2 Na3 32.Rc3 Ra4 33.Rdc1 Kg7 34.Be2 e6 35.Bd1 Ra5 36.Nb3 Ra4 37.dxe6 fxe6
38.Nd2 Ra5 39.Nb3 Ra4 40.c5 Nb5 41.Rd3 d5 42.Rd2 Rc4 43.Rxc4 dxc4 44.Nd4 e5
45.Nxb5 Bxb5 46.Rd5 Bc6 47.Rd6 Be4 48.f3 Bb1 49.Rb6 Bd3 50.Rb2 c3 51.Rf2 Rxc5
52.Bc2 Bc4 53.a4 Rc8 54.h4 Kf6 55.Kg2 Rb8  1/2-1/2

[Event "RUS-Cup3"]
[Site "Omsk"]
[Date "1996.??.??"]
[Round "3"]
[White "Burmakin, Vladimir"]
[Black "Iskusnyh, Sergei"]
[Result "1/2-1/2"]
[WhiteElo "2505"]
[BlackElo "2460"]

1.d4 Nf6 2.c4 g6 3.Nf3 Bg7 4.g3 O-O 5.Bg2 d6 6.O-O c6 7.Nc3 Qb6 8.h3 Na6
9.a3 e5 10.dxe5 dxe5 11.Be3 Qc7 12.Qa4 Nd7 13.Qc2 Nac5 14.Rad1 f5 15.b4 Ne6
16.c5 Nf6 17.Qb3 Kh8 18.Rd6 e4 19.Ng5 Nxg5 20.Bxg5 Ne8 21.Rd2 Qe5 22.Rc1 Be6
23.Qd1 h6 24.Bf4 Qf6 25.f3 g5 26.Be3 Qe5 27.Qe1 exf3 28.exf3 f4 29.gxf4 gxf4
30.Bd4 Qf5 31.Qh4 Qg6 32.Ne2 Qg5 33.Qxg5 hxg5 34.Nc3 Bf5 35.Ne4 Bxe4 36.fxe4 a5
37.Bxg7+ Nxg7 38.Bf3 axb4 39.axb4 Rfd8 40.Rcd1 Ne6 41.Rd7 Rxd7 42.Rxd7 Rd8
43.Rxb7 Rd2 44.Bg4 Nd4 45.Kf1 Rb2 46.e5 Rb1+ 47.Kf2 Rb2+ 48.Ke1 Rxb4 49.Rxb4 Nc2+
50.Kd2 Nxb4 51.Kc3 Nd5+ 52.Kd4 Kg7 53.Bd7 Ne7 54.Ke4 Kf7 55.h4 gxh4 56.Kxf4 Nd5+  1/2-1/2